Computer applications in physics with Fortran, Basic and C
Features a discussion of various topics such as numerical techniques for performing interpolation, integration, roots of equations, statistical parameters and tests, and more. All topics are supported by numerical examples
Gorde:
| Egile nagusia: | |
|---|---|
| Formatua: | Liburua |
| Hizkuntza: | Undetermined |
| Argitaratua: |
Oxford
Alpha Science
2006
|
| Gaiak: | |
| Etiketak: |
Etiketa erantsi
Etiketarik gabe, Izan zaitez lehena erregistro honi etiketa jartzen!
|
| Thư viện lưu trữ: | Trung tâm Học liệu Trường Đại học Cần Thơ |
|---|
| LEADER | 00916nam a2200217Ia 4500 | ||
|---|---|---|---|
| 001 | CTU_132605 | ||
| 008 | 210402s9999 xx 000 0 und d | ||
| 020 | |c 1138000 | ||
| 082 | |a 530.0285 | ||
| 082 | |b C456 | ||
| 100 | |a Chandra, Suresh | ||
| 245 | 0 | |a Computer applications in physics with Fortran, Basic and C | |
| 245 | 0 | |c Suresh Chandra | |
| 260 | |a Oxford | ||
| 260 | |b Alpha Science | ||
| 260 | |c 2006 | ||
| 520 | |a Features a discussion of various topics such as numerical techniques for performing interpolation, integration, roots of equations, statistical parameters and tests, and more. All topics are supported by numerical examples | ||
| 650 | |a Vật lý học,Physics,Mathematical physics,BASIC (Computer program language),FORTRAN (Computer program language) | ||
| 650 | |x Data processing | ||
| 650 | |z Xử lý dữ liệu | ||
| 980 | |a Trung tâm Học liệu Trường Đại học Cần Thơ | ||